MARC

LEADER 00000nam0a2200000 4500
001 361965
005 20231102011436.0
035 |a (RuTPU)RU\TPU\retro\19311 
090 |a 361965 
100 |a 20210708d1980 m y0rusy50 ca 
101 0 |a rus 
102 |a RU 
105 |a a z 001zy 
200 1 |a Источники питания средней частоты установок индукционного нагрева  |f С. Г. Гуревич, В. В. Моргун  |g под ред. А. Н. Шамова 
210 |a Ленинград  |c Машиностроение  |d 1980 
215 |a 65 с.  |c ил. 
225 1 |a Библиотечка высокочастотника-термиста  |v Вып. 5 
320 |a Библиогр.: с. 64 
606 1 |a Индукционный нагрев  |2 stltpush  |3 (RuTPU)RU\TPU\subj\77201  |9 87714 
610 1 |a полупроводниковые вентили 
610 1 |a инверторные схемы 
610 1 |a построение 
610 1 |a выпрямители 
610 1 |a преобразователи частоты 
610 1 |a системы управления 
610 1 |a системы защиты 
610 1 |a промышленные тиристорные преобразователи 
610 1 |a машинные преобразователи 
675 |a 621.365.5  |v 4 
700 1 |a Гуревич  |b С. Г.  |g Сергей Григорьевич 
701 1 |a Моргун  |b В. В.  |g Вадим Владиславович 
702 1 |a Шамов  |b А. Н.  |4 340 
801 1 |a RU  |b 63413507  |c 20210708 
801 2 |a RU  |b 63413507  |c 20210709  |g RCR 
942 |c BK